| 000 | 00901nam a2200277 i 4500 | ||
|---|---|---|---|
| 001 | 13867 | ||
| 003 | ES-MaACL | ||
| 005 | 20230906150658.0 | ||
| 007 | t| | ||
| 008 | 980715s1997 sp ||||1| spa d | ||
| 020 | _a84-7658-517-9 | ||
| 080 | _a159.947.224 | ||
| 080 | _a316.354 | ||
| 100 | 1 |
_aLuhmann, Niklas. _974673 |
|
| 245 | 1 | 0 |
_aOrganización y decisión. Autopioesis, acción y entendimiento comunicativo / _cNiklas Luhmann ; introducción de Darío Rodríguez Mansilla. |
| 250 | _a1ª ed. | ||
| 260 |
_aBarcelona [etc.] : _bAnthropos [etc.], _c1997. |
||
| 300 |
_aXXXIII, 138 p. ; _c18 cm. |
||
| 490 | 1 |
_aBiblioteca A ; _v27. _aSociedad |
|
| 650 | 1 | 4 |
_aDecisión. _911539 |
| 650 | 1 | 4 |
_aOrganizaciones. _915760 |
| 700 | 1 |
_aRodríguez Mansilla, Darío. _998632 |
|
| 830 | 0 |
_aBiblioteca A ; _v27. _aSociedad _9179526 |
|
| 852 |
_aES-MaACL _jL-21162 _bR.126488 |
||
| 999 |
_c13867 _d13867 |
||